Capitalism at risk : Rethinking the role of business
Capitalism at Risk draws on discussions with business leaders around the world to identify ten potential disruptors of the global market system
Αποθηκεύτηκε σε:
| Κύριος συγγραφέας: | |
|---|---|
| Μορφή: | Βιβλίο |
| Γλώσσα: | Undetermined |
| Έκδοση: |
Massachusetts
Harvard Business Review Press
2011
|
| Θέματα: | |
| Ετικέτες: |
Προσθήκη ετικέτας
Δεν υπάρχουν, Καταχωρήστε ετικέτα πρώτοι!
|
| Thư viện lưu trữ: | Trung tâm Học liệu Trường Đại học Cần Thơ |
|---|
| LEADER | 00799nam a2200217Ia 4500 | ||
|---|---|---|---|
| 001 | CTU_209811 | ||
| 008 | 210402s9999 xx 000 0 und d | ||
| 020 | |c 29.95 | ||
| 082 | |a 338 | ||
| 082 | |b B786 | ||
| 100 | |a Bower, Josheph L. | ||
| 245 | 0 | |a Capitalism at risk : | |
| 245 | 0 | |b Rethinking the role of business | |
| 245 | 0 | |c Joseph L. Bower, Herman B. Leonard, Lynn S. Paine | |
| 260 | |a Massachusetts | ||
| 260 | |b Harvard Business Review Press | ||
| 260 | |c 2011 | ||
| 520 | |a Capitalism at Risk draws on discussions with business leaders around the world to identify ten potential disruptors of the global market system | ||
| 650 | |a Economic policy,Chính sách kinh tế | ||
| 904 | |i Huỳnh Nhựt Tân, Tuyến | ||
| 980 | |a Trung tâm Học liệu Trường Đại học Cần Thơ | ||